[Event "IRI-ch"]
[Site "Tabriz"]
[Date "2011.01.06"]
[Round "7"]
[White "Ghane Gardeh, Shojaat"]
[Black "Vasli, Aref"]
[Result "0-1"]
[WhiteElo "2398"]
[BlackElo "2121"]
[PlyCount "112"]
[EventDate "2011.01.01"]
[EventType "swiss"]
[EventRounds "11"]
[EventCountry "IRI"]
[SourceTitle "CBM 140 Extra"]
[Source "ChessBase"]
[SourceDate "2011.03.01"]
[SourceVersion "1"]
[SourceVersionDate "2011.03.01"]
[SourceQuality "1"]

1. d4 Nf6 2. Nf3 d5 3. c4 c6 4. Nc3 a6 5. a4 e6 6. Bg5 Nbd7 7. cxd5 exd5 8. e3 Qa5 9. Bd3 Bb4 10. Qc2 0-0 11. 0-0 Re8 12. h3 Bd6 13. Rae1 h6 14. Bxf6 Nxf6 15. Nd2 Qd8 16. f4 c5 17. Nf3 cxd4 18. Nxd4 Bc5 19. Qf2 Qb6 20. Kh2 Bd7 21. Re2 Re7 22. Kh1 Rae8 23. Rb1 Bxd4 24. exd4 Rxe2 25. Nxe2 Bxa4 26. Nc3 Bd7 27. Rd1 Qd6 28. Qf3 g6 29. Bc2 Kg7 30. Bb3 Bc6 31. Bc2 Qb4 32. b3 Qd6 33. Kg1 Bd7 34. Na2 Rf8 35. Qf2 Qa3 36. Bb1 Qxb3 37. Re1 Re8 38. Rxe8 Bxe8 39. Qe1 Qb6 40. Qd1 Ba4 41. Qd3 Bb5 42. Qd2 Bc4 43. Nc3 Qb4 44. f5 g5 45. Qe3 b5 46. Bc2 Qb2 47. Bd1 b4 48. Na4 Qa1 49. Nc5 Qxd1+ 50. Kh2 Qe2 51. Qg3 b3 52. Qc7 Qe8 53. Ne6+ Kg8 54. Qe5 fxe6 55. Qxf6 Qf7 56. Qd8+ Qf8 0-1

[Event "IRI-ch"]
[Site "Tabriz"]
[Date "2011.01.02"]
[Round "2"]
[White "Ghane Gardeh, Shojaat"]
[Black "Sedaghati, Mehrdad"]
[Result "0-1"]
[WhiteElo "2398"]
[BlackElo "2171"]
[PlyCount "72"]
[EventDate "2011.01.01"]
[EventType "swiss"]
[EventRounds "11"]
[EventCountry "IRI"]
[SourceTitle "CBM 140 Extra"]
[Source "ChessBase"]
[SourceDate "2011.03.01"]
[SourceVersion "1"]
[SourceVersionDate "2011.03.01"]
[SourceQuality "1"]

1. d4 Nf6 2. Nf3 c5 3. e3 b6 4. Bd3 Bb7 5. 0-0 e6 6. c4 Be7 7. Nc3 d6 8. d5 exd5 9. cxd5 a6 10. e4 b5 11. a4 b4 12. Nb1 0-0 13. Nbd2 Re8 14. b3 Bf8 15. Re1 a5 16. Bb5 Re7 17. Bb2 Nbd7 18. Qc2 Ba6 19. Bc6 Rb8 20. Nh4 Ne5 21. f4 Nxc6 22. Bxf6 Nd4 23. Bxd4 cxd4 24. Nf5 Rc7 25. Qb2 d3 26. Re3 Rc3 27. Nc4 g6 28. Rg3 Bxc4 29. bxc4 Rxc4 30. Re1 Qb6+ 31. Kh1 Rc2 32. Qa1 b3 33. Rxd3 b2 34. Qb1 Qf2 35. Ne3 Qxe1+ 36. Qxe1 Rc1 0-1

[Event "Istanbul op 9th"]
[Site "Istanbul"]
[Date "2010.08.22"]
[Round "2"]
[White "Ghane Gardeh, Shojaat"]
[Black "Erilli, Necati Alp"]
[Result "1-0"]
[WhiteElo "2368"]
[BlackElo "1930"]
[PlyCount "67"]
[EventDate "2010.08.21"]
[EventType "swiss"]
[EventRounds "9"]
[EventCountry "TUR"]
[SourceTitle "CBM 138 Extra"]
[Source "ChessBase"]
[SourceDate "2010.10.29"]
[SourceVersion "1"]
[SourceVersionDate "2010.10.29"]
[SourceQuality "1"]

1. d4 Nf6 2. Nf3 c5 3. c3 e6 4. Bg5 Qb6 5. Qb3 Qxb3 6. axb3 d5 7. e3 Ne4 8. Bf4 cxd4 9. exd4 Bd6 10. Bxd6 Nxd6 11. Nbd2 Nc6 12. Bd3 0-0 13. 0-0 Re8 14. b4 b5 15. Nb3 f6 16. Na5 Nxa5 17. Rxa5 e5 18. Bc2 a6 19. dxe5 fxe5 20. Re1 Nf7 21. Nd4 Bd7 22. Nb3 Nd6 23. Nc5 Bc8 24. Bb3 Nc4 25. Bxc4 dxc4 26. f4 e4 27. Rxe4 Rxe4 28. Nxe4 Ra7 29. Nd6 Bd7 30. Ra1 Kf8 31. Ne4 h6 32. Kf2 Kf7 33. h3 Bc8 34. Nd6+ 1-0

[Event "Azov Don Cup"]
[Site "Azov"]
[Date "2010.07.19"]
[Round "8"]
[White "Ghane Gardeh, Shojaat"]
[Black "Tikhiy, Sergey"]
[Result "1-0"]
[WhiteElo "2368"]
[BlackElo "2427"]
[PlyCount "43"]
[EventDate "2010.07.13"]
[EventType "tourn"]
[EventRounds "11"]
[EventCountry "RUS"]
[EventCategory "6"]
[SourceTitle "EXT 2011"]
[Source "ChessBase"]
[SourceDate "2010.11.26"]
[SourceVersion "1"]
[SourceVersionDate "2010.11.26"]
[SourceQuality "1"]

1. e4 e5 2. d4 Qh4 3. Bd3 Nc6 4. Nf3 Qf6 5. c3 exd4 6. e5 Nxe5 7. Qe2 d6 8. cxd4 Bf5 9. dxe5 dxe5 10. Bxf5 Qxf5 11. Qb5+ Qd7 12. Qxb7 Rd8 13. Nc3 f6 14. Be3 e4 15. Qxe4+ Ne7 16. Rd1 Qc8 17. 0-0 f5 18. Qc4 h6 19. Ne5 Rxd1 20. Qf7+ Kd8 21. Rxd1+ Nd5 22. Nc6# 1-0

[Event "Azov Don Cup"]
[Site "Azov"]
[Date "2010.07.18"]
[Round "7"]
[White "Yamnov, Dmitry"]
[Black "Ghane Gardeh, Shojaat"]
[Result "1/2-1/2"]
[WhiteElo "2150"]
[BlackElo "2368"]
[PlyCount "130"]
[EventDate "2010.07.13"]
[EventType "tourn"]
[EventRounds "11"]
[EventCountry "RUS"]
[EventCategory "6"]
[SourceTitle "EXT 2011"]
[Source "ChessBase"]
[SourceDate "2010.11.26"]
[SourceVersion "1"]
[SourceVersionDate "2010.11.26"]
[SourceQuality "1"]

1. d4 d5 2. c4 c6 3. e3 Nf6 4. Nc3 e6 5. Nf3 Nbd7 6. Bd3 dxc4 7. Bxc4 b5 8. Bd3 Bb7 9. 0-0 a6 10. e4 c5 11. d5 Qc7 12. dxe6 fxe6 13. Bc2 c4 14. Ng5 Nc5 15. Qf3 Bd6 16. Qh3 0-0-0 17. Rd1 h6 18. Nxe6 Nxe6 19. Qxe6+ Kb8 20. g3 Rhe8 21. Qf5 b4 22. Nd5 Nxd5 23. exd5 Re2 24. Be3 Rf8 25. Qe4 Bc5 26. Rf1 Rfxf2 27. Bxf2 Rxe4 28. Bxe4 Bxf2+ 29. Rxf2 Qe5 30. Bh1 Bxd5 31. Bxd5 Qxd5 32. Rc1 Qd4 33. Kf1 Qe4 34. Kg1 c3 35. bxc3 Qe3 36. Rb1 Qxc3 37. Rbb2 Kb7 38. Rbe2 a5 39. Re7+ Kc6 40. Re6+ Kd7 41. Ree2 a4 42. Rc2 Qa3 43. Kg2 b3 44. Rc3 g5 45. axb3 axb3 46. Rd2+ Ke6 47. g4 Qb4 48. Re3+ Kf6 49. Rb2 Qxg4+ 50. Kf2 Qd4 51. Rbxb3 h5 52. h3 Qd6 53. Kg2 Kg6 54. Rbd3 Qc6+ 55. Kf2 g4 56. hxg4 hxg4 57. Kg3 Kf5 58. Rd4 Qc7+ 59. Kg2 Qb7+ 60. Rde4 Qxe4+ 61. Rxe4 Kxe4 62. Kg3 Kf5 63. Kh2 Kf4 64. Kg2 g3 65. Kg1 Kf3 1/2-1/2

[Event "Azov Don Cup"]
[Site "Azov"]
[Date "2010.07.17"]
[Round "6"]
[White "Ghane Gardeh, Shojaat"]
[Black "Malimonenko, Vita"]
[Result "1-0"]
[WhiteElo "2368"]
[BlackElo "2222"]
[PlyCount "65"]
[EventDate "2010.07.13"]
[EventType "tourn"]
[EventRounds "11"]
[EventCountry "RUS"]
[EventCategory "6"]
[SourceTitle "EXT 2011"]
[Source "ChessBase"]
[SourceDate "2010.11.26"]
[SourceVersion "1"]
[SourceVersionDate "2010.11.26"]
[SourceQuality "1"]

1. d4 d5 2. c4 c6 3. Nf3 Nf6 4. Nc3 Bf5 5. e3 e6 6. Nh4 g6 7. f3 Bb4 8. Qb3 Qd6 9. g4 g5 10. gxf5 gxh4 11. fxe6 fxe6 12. Bd2 Na6 13. c5 Qe7 14. Bxa6 bxa6 15. Qxb4 Kf7 16. 0-0-0 Rhb8 17. Qa4 e5 18. Qxc6 exd4 19. Nxd5 Rc8 20. Nxe7 Rxc6 21. Nxc6 Rc8 22. Ne5+ Ke6 23. exd4 Kd5 24. c6 Kxd4 25. Rhe1 Kc5 26. Be3+ Kb5 27. Bg5 Nh5 28. Rd5+ Kb6 29. Be3+ Kc7 30. Rd7+ Kb8 31. Rb7+ Ka8 32. Rxa7+ Kb8 33. Nd7# 1-0

[Event "Azov Don Cup"]
[Site "Azov"]
[Date "2010.07.15"]
[Round "3"]
[White "Kiselev, Vitaliy1111"]
[Black "Ghane Gardeh, Shojaat"]
[Result "1/2-1/2"]
[WhiteElo "2536"]
[BlackElo "2368"]
[PlyCount "82"]
[EventDate "2010.07.13"]
[EventType "tourn"]
[EventRounds "11"]
[EventCountry "RUS"]
[EventCategory "6"]
[SourceTitle "EXT 2011"]
[Source "ChessBase"]
[SourceDate "2010.11.26"]
[SourceVersion "1"]
[SourceVersionDate "2010.11.26"]
[SourceQuality "1"]

1. e4 c6 2. Nc3 d5 3. d4 dxe4 4. Nxe4 Bf5 5. Ng3 Bg6 6. Nf3 Nf6 7. Bd3 Nbd7 8. 0-0 e6 9. Re1 Be7 10. Bg5 0-0 11. c4 c5 12. d5 exd5 13. cxd5 Bd6 14. Bxg6 hxg6 15. Ne4 Qc7 16. Bxf6 Nxf6 17. Qd3 Rad8 18. Rad1 Rfe8 19. g3 a6 20. b3 b5 21. Nfg5 c4 22. bxc4 bxc4 23. Qc2 Re5 24. Nxd6 Rxg5 25. Nxc4 Rgxd5 26. Rxd5 Rxd5 27. Qe2 Rd8 28. Ne3 Qa5 29. Rd1 Rxd1+ 30. Nxd1 Nd5 31. h3 Kh7 32. h4 Qb4 33. h5 Qb1 34. hxg6+ Qxg6 35. a3 Kg8 36. Qe8+ Kh7 37. Qd7 Qh5 38. Nb2 Nf6 39. Qd3+ g6 40. Qc4 Kg7 41. Qc3 Qe2 1/2-1/2

[Event "Dubai op 12th"]
[Site "Dubai"]
[Date "2010.04.06"]
[Round "2"]
[White "Negi, Parimarjan"]
[Black "Ghane Gardeh, Shojaat"]
[Result "1-0"]
[WhiteElo "2634"]
[BlackElo "2375"]
[PlyCount "65"]
[EventDate "2010.04.05"]
[EventType "swiss"]
[EventRounds "9"]
[EventCountry "UAE"]
[SourceTitle "CBM 135 Extra"]
[Source "ChessBase"]
[SourceDate "2010.05.04"]
[SourceVersion "1"]
[SourceVersionDate "2010.05.04"]
[SourceQuality "1"]

1. e4 e6 2. d4 d5 3. Nc3 Nf6 4. Bg5 dxe4 5. Nxe4 Be7 6. Bxf6 Bxf6 7. Nf3 Nd7 8. Bd3 0-0 9. Qe2 c5 10. 0-0-0 cxd4 11. h4 Be7 12. Kb1 Qb6 13. Ka1 Nc5 14. Nxc5 Qxc5 15. Ng5 g6 16. f4 Bd7 17. Ne4 Qa5 18. h5 Bc6 19. Rh3 Rac8 20. hxg6 Bd5 21. gxf7+ Rxf7 22. b3 Bxe4 23. Bxe4 d3 24. Rhxd3 Bf6+ 25. Kb1 Kh8 26. g4 b5 27. g5 Bc3 28. Qh5 Re7 29. Rd7 Rce8 30. Rxe7 Rxe7 31. Bxh7 Qc7 32. Bf5+ Kg8 33. Qg6+ 1-0